| 000 | 00614nam a2200205 a 4500 | ||
|---|---|---|---|
| 001 | 35402 | ||
| 005 | 20180714003729.0 | ||
| 008 | 140415s1999 mx 000 0 spa d | ||
| 020 | _a9682612160 | ||
| 041 | _aspa | ||
| 082 |
_a621.7 _bHIC |
||
| 100 | 1 | _aHICKS, PHILIP E. | |
| 245 | 1 | 0 |
_aINGENIERIA INDUSTRIAL Y ADMINISTRACION : _bUNA NUEVA PERSPECTIVA |
| 250 | _a2a ed. | ||
| 260 |
_aMEXICO : _bCOMPAÑIA EDITORIAL CONTINENTAL, _c1999 |
||
| 300 | _a479 | ||
| 650 | 1 | 4 | _aINGENIERIA INDUSTRIAL |
| 700 | 1 |
_aSALAZAR PALACIOS, JOSE MANUEL _etr. |
|
| 740 | _aINDUSTRIAL ENGINEERING AND MANAGEMENT | ||
| 999 |
_c35402 _d35402 |
||